000 00331nam a22001457a 4500
008 210311b ||||| |||| 00| 0 eng d
020 _a9780321664051
041 _aeng
080 _a510
082 _a510
100 _a36
101 _aMAT
245 _aInstructors Solutions Manual Multivariable
_cArdis, W
942 _2udc
_cBK
999 _c56431
_d56431